|
|
|
|
| LEADER |
00000nam a2200000 a 4500 |
| 001 |
vtls011771998 |
| 003 |
SK-MaSNL |
| 005 |
20260302021335.0 |
| 008 |
251112 1733 gw 001 0 ger |
| 015 |
|
|
|a SNBHFA1733
|
| 020 |
|
|
|q (viaz.)
|
| 040 |
|
|
|a SNKHF
|b slo
|c SNK
|e AACR2
|
| 041 |
|
|
|a ger
|
| 044 |
|
|
|a gw
|c DE
|
| 072 |
|
7 |
|a 2
|x Náboženstvo
|2 konspekt
|
| 080 |
|
|
|a 21/29-1/-9
|2 2011
|
| 080 |
|
|
|a 502.2
|2 2011
|
| 100 |
1 |
|
|a Spener, Philipp Jakob,
|d 1635-1705
|4 aut
|9 343898
|
| 245 |
1 |
0 |
|a Handlung von der Natur und Gnade; Oder Der Unterscheid der Wercke, So aus natürlichen Kräften, und aus den Gnaden-Würckungen des heiligen Geistes herkommen, und also eines Christlichen gottseligen Lebens : Nach der Regel göttlichen Worts einfältig, aber gründlich untersucht. Jn dieser neuen Auflage ist das Werck mit Fleiß übersehen, von allen Druckfehlern gereiniget, in gewisse Absätze eingetheilet, und mit einer neuen Vorrede versehen worden von Io. Georgio Pritio, D. Mit Königl. Pohlnischen und Churfůrstlich=Sächsischen. wie auch Königl. Preußischen und Churst. Brandeburgischen Privilegien
|c D. Philipp Jacob Speners
|
| 260 |
|
|
|a Franckfurt am Mayn
|b Jn Verlegung Johann David Zunners seel. Erben, und Johann Adam Jungen, wie auch zu finden im Möllerischen Buch-Laden
|c 1733
|
| 300 |
|
|
|a [80] listov, 436 strán, [26] listov
|c 8°
|c 18 cm
|
| 500 |
|
|
|a Titulný list v červeno čiernej tlači, vinety, vlys, iniciálky s ornamentálnym pozadím v rámčeku na 2-3 riadky
|
| 504 |
|
|
|a Marginálie, kustódy
|
| 508 |
|
|
|a Predslov
|
| 510 |
4 |
|
|a Worldcat 246287503
|
| 546 |
|
|
|a Nemčina
|b Fraktúra
|
| 561 |
|
|
|a Z knižnice Učenej spoločnosti malohontskej.
|5 SNK ID 100281
|
| 563 |
|
|
|a Väzba: papierová.
|5 SNK ID 100281
|
| 650 |
0 |
7 |
|a náboženstvo
|2 SNKPH
|9 2023
|
| 650 |
0 |
7 |
|a príroda
|2 SNKPH
|9 3813
|
| 700 |
1 |
|
|a Jungen, Johann Adam
|4 prt
|9 665461
|
| 710 |
2 |
|
|a Učená spoločnosť malohontská
|4 fmo
|9 205374
|
| 710 |
0 |
|
|a Zunner, Johann David II. - dedičia (Frankfurt nad Mohanom, Nemecko)
|4 prt
|9 181484
|
| 752 |
|
|
|a Nemecko
|d Frankfurt nad Mohanom
|
| 852 |
|
|
|a snk
|b Historické fondy
|p ID 100281
|
| 999 |
|
|
|c 1028524
|d 1030454
|
| 952 |
|
|
|t MHC II. B.g. 201
|a SNK
|b SNK
|c SNK_HF
|y PREZ
|7 0
|p 17A1129541
|o snkID 100281
|i snk2018/16622
|8 5
|0 0
|1 0
|4 0
|d 2018-08-13
|l 0
|r 2026-02-24 13:46:21
|w 2026-02-24
|